| 000 | 005770000a22001810004500 | ||
|---|---|---|---|
| 003 | MACL | ||
| 005 | 20160119161439.0 | ||
| 008 | 160119b xxu||||| |||| 00| 0 eng d | ||
| 040 |
_aMACL _cMACL |
||
| 041 | _aHindi | ||
| 082 | _a900.5/RAY | ||
| 100 |
_aडॉ मधुमोद के रायजादा _933321 |
||
| 245 | _aछत्तीसगढृ एक अध्ययन | ||
| 260 |
_bसाहित्य भवन पब्लिकेशन _aआगरा |
||
| 350 | _a50 | ||
| 650 |
_aइतिहास _933322 |
||
| 942 |
_cHIN _k900.54/ RAY _2ddc |
||
| 999 |
_c30498 _d30498 |
||